La renovación litúrgica en marcha: principios de base, aplicaciones pastorales

Αποθηκεύτηκε σε:
Λεπτομέρειες βιβλιογραφικής εγγραφής
Κύριος συγγραφέας: Díaz Castañeda, Jaime (Συγγραφέας)
Μορφή: Βιβλίο
Γλώσσα:Ισπανικά
Έκδοση: Bogotá Indo-American 1971
Σειρά:Colección Iglesia Nueva, 9
Θέματα:
Ετικέτες: Προσθήκη ετικέτας
Δεν υπάρχουν, Καταχωρήστε ετικέτα πρώτοι!

MARC

LEADER 00000nam a2200000 a 4500
001 UCL3425
003 CL-VaPUC
008 031128e19710000CK |||||||||||||||||spa|d
082 0 4 |a 264.36  |b DIA  |2 21 
100 0 |a Díaz Castañeda, Jaime  |e author  |9 480705 
245 1 3 |a La renovación litúrgica en marcha: principios de base, aplicaciones pastorales 
300 |a 75 p 
942 |c BK 
945 |d 20031128 00:00:00  |a vberengu 
260 |a Bogotá  |b Indo-American  |c 1971 
650 0 |a Celebraciones litúrgicas  |9 468655 
583 |a last modification  |c 20031128 00:00:00  |k Rodrigo Vera 
490 0 |a Colección Iglesia Nueva, 9 
999 |c 306466  |d 306464 
952 |0 0  |1 0  |4 0  |6 264_360000000000000_DIA_1971  |7 0  |8 A  |9 371492  |a BIBTEO  |b BIBTEO  |d 2019-11-21  |i 2095718  |o 264.36 DIA 1971  |p 2095718  |r 2025-01-17  |w 2019-11-21  |y BK  |k ICR